[Переписка с начальником нижне-днепровских изысканий о работах нижне-днепровской изыскательной партии]

Доступно только в Электронных читальных залах Найти на картеНа карте
RUSMARC
00003668nmc2a22002413x 450
001aa248e2d-3c6d-49f3-af0a-f02f05e7e24b
00520210513231909.0
100##$a20210129l19171917k l0rusy0189 ca
1010#$arus
102##$aRU
105##$ay###
1222#$ad
2001#$a[Переписка с начальником нижне-днепровских изысканий о работах нижне-днепровской изыскательной партии]
$j13 января - 6 июня 1917 г.
215##$a33 л.
$d36,5х26 см
251##$cДело
300##$aДело
371##$aДокумент не является опубликованным и широко распространяемым
461#0$10017a5585a9-6586-4a8f-a3cc-bb4dd9a485df
$12001
$aДело сборных афиш по Александринскому театру сезона 1886-1887 годов
$1251
$cДело
$1852
$j200
462#0$10013a02340e-e572-4ee5-9169-9b29c64f7ce0
$12001
$aОтдел земельных улучшений Министерства земледелия
$1251
$cОпись
$1852
$j2
801#0$aRU
$bРГИА
$c20210129
$gRCR
801#1$aRU
$bГлавНИВЦ
$c20210129
$2rusmarc
801#2$aRU
$bПБ им. Б.Н. Ельцина
$c20210513
$gRCR
$2rusmarc
850##$aРГИА
852##$aРГИА
$eФедеральное казенное учреждение "Российский государственный исторический архив" (РГИА)
$j949
937##$hРГИА
$d12359139
$aASBIBLIO_SCAN
035##$aRusGRCC00021706
856##$uhttp://readingroom.main.prlib.ru/item.aspx?id_node=n164533905&mode=full
Формат отображения